| 000 | 00476nam a2200169Ia 4500 | ||
|---|---|---|---|
| 999 |
_c1004 _d1004 |
||
| 003 | OSt | ||
| 005 | 20200915135944.0 | ||
| 008 | 190216s9999||||xx |||||||||||||| ||und|| | ||
| 020 | _a9788178982113 | ||
| 040 | _coclc | ||
| 082 |
_a492.7 _bMUM/I |
||
| 100 |
_aMumisa, Michael _94601 |
||
| 245 | 0 |
_aIntroducing Arabic / _cMichael Mumisa |
|
| 260 |
_bGood Word Books, _a New Delhi: _c2004. |
||
| 300 | _a164p | ||
| 942 |
_cBK _2ddc _h492.7 _iMUM/I _k492.7 _mMUM/I |
||